000 00758aas a2200217 4500
999 _c1942
_d1942
003 BR-BrBNA
005 20230317233345.0
007 ta
008 230119b bl ||||| |||| 00| 0 por d
035 _a000485-5
040 _aBR-BrBNA
_bPor
_cBR-BrBNA
042 _aN
044 _abl
245 _aBibliografias. Empresa Brasileira de Assistência Técnica e Extensão Rural (Brazil)
260 _aBrasília-DF
_bEmpresa Brasileira de Assistência Técnica e Extensão Rural - CID - Núcleo de Documentação
_c1978. Data final de publicação em 1984
_eBDF
270 _aSAIN - Parque Rural - Caixa Postal 070530 - 70770-000 - Brasília - DF
310 _airregular
505 _a1978-80 (1-13); 1981-84 (13-23);
909 _a56
_bSergio Santos
_c56
_dSergio Santos
942 _cCR
_2AGRIS